[Event "POL-chT 2nd League"]
[Site "Miedzyzdroje"]
[Date "2009.09.13"]
[Round "2"]
[White "Kotermanska, Anna"]
[Black "Labedz, Patrycja"]
[Result "0-1"]
[WhiteElo "1963"]
[BlackElo "2093"]
[PlyCount "112"]
[EventDate "2009.09.12"]
[EventType "team-swiss"]
[EventRounds "9"]
[EventCountry "POL"]
[SourceTitle "EXT 2019"]
[Source "ChessBase"]
[SourceDate "2018.10.10"]
[SourceVersion "1"]
[SourceVersionDate "2018.10.10"]
[SourceQuality "1"]
[WhiteTeam "Olsztyn AZS UWM"]
[BlackTeam "Jaworzno JKSz MCKiS"]
[WhiteTeamCountry "POL"]
[BlackTeamCountry "POL"]

1. e4 c5 2. c3 d5 3. exd5 Qxd5 4. d4 Nf6 5. Nf3 Bg4 6. Be2 e6 7. 0-0 Nc6 8. Na3 cxd4 9. Nb5 Rc8 10. Nbxd4 Bc5 11. Be3 0-0 12. Nxc6 Rxc6 13. Nd4 Bxe2 14. Qxe2 Ra6 15. a3 Rd8 16. Rad1 Rad6 17. Bf4 R6d7 18. Rfe1 Qh5 19. Qc4 Rd5 20. b4 b5 21. Qb3 Bb6 22. Nf3 Ne4 23. Be3 Bxe3 24. fxe3 Nxc3 25. Rxd5 Nxd5 26. e4 Nf4 27. Qc2 Qg4 28. Ne5 Qg5 29. Nf3 Qe7 30. Ne5 Qd6 31. Nc6 Re8 32. Rd1 Qc7 33. g3 Ng6 34. Rc1 Qd7 35. Rd1 Qb7 36. Kg2 h6 37. Na5 Qb6 38. Qc3 Qb8 39. Qd4 Qc7 40. Rd3 Rc8 41. Nb3 Ne5 42. Rd2 Nc4 43. Rf2 Rd8 44. Qc5 Qd7 45. Qh5 Ne3+ 46. Kh3 e5+ 47. g4 g6 48. Qh4 h5 49. Nc5 Qc8 50. Kg3 Nxg4 51. Rf1 Qc7 52. h3 Nh6 53. Qg5 Kh7 54. Rf6 Rd1 55. Kf2 Qd8 56. Ne6 Rd2+ 0-1

[Event "Ketrzyn op-A 11th"]
[Site "Ketrzyn"]
[Date "2008.12.28"]
[Round "5.9"]
[White "Les, Czeslaw"]
[Black "Kotermanska, Anna"]
[Result "0-1"]
[WhiteElo "1893"]
[BlackElo "1959"]
[PlyCount "87"]
[EventDate "2008.12.27"]
[EventType "swiss"]
[EventRounds "9"]
[EventCountry "POL"]
[SourceTitle "EXT 2023"]
[Source "ChessBase"]
[SourceDate "2022.10.05"]
[SourceVersion "1"]
[SourceVersionDate "2022.10.05"]
[SourceQuality "1"]

1. d4 Nf6 2. Bg5 d6 3. Nc3 g6 4. Bxf6 exf6 5. e3 Bg7 6. Bd3 f5 7. Nge2 Nd7 8. h4 Nf6 9. Nf4 h5 10. Qd2 Bd7 11. 0-0-0 c6 12. f3 Qa5 13. e4 fxe4 14. fxe4 0-0-0 15. Kb1 Ng4 16. d5 c5 17. Nh3 Bh6 18. Qe2 Rde8 19. Ng5 Re7 20. Rhf1 f6 21. Ne6 Ne3 22. Rxf6 Nxd1 23. Qe1 Bxe6 24. dxe6 Bg7 25. Rf7 Rxf7 26. exf7 Bxc3 27. bxc3 Qxc3 28. Qf1 Rf8 29. Bc4 a6 30. Bd5 Qe5 31. Qf2 b5 32. Qd2 Qd4 33. Be6+ Kb7 34. Qxd4 cxd4 35. Kc1 Kc6 36. Kd2 a5 37. Ke2 Kc5 38. Kf3 Kb4 39. Kf4 Kc3 40. Kg5 Kxc2 41. Kxg6 d3 42. Kg7 Rb8 43. f8Q Rxf8 44. Kxf8 0-1

[Event "Ketrzyn op"]
[Site "Ketrzyn"]
[Date "2007.12.28"]
[Round "3"]
[White "Grochowski, Mariusz"]
[Black "Kotermanska, Anna"]
[Result "1/2-1/2"]
[WhiteElo "2179"]
[BlackElo "2006"]
[PlyCount "39"]
[EventDate "2007.12.27"]
[EventType "swiss"]
[EventRounds "9"]
[EventCountry "POL"]
[SourceTitle "CBM 122 Extra"]
[Source "ChessBase"]
[SourceDate "2008.03.04"]
[SourceVersion "1"]
[SourceVersionDate "2008.03.04"]
[SourceQuality "1"]

1. d4 Nf6 2. c4 g6 3. Nc3 Bg7 4. e4 d6 5. f4 0-0 6. Bd3 c5 7. d5 e6 8. Nf3 exd5 9. cxd5 Re8 10. 0-0 a6 11. Qc2 b5 12. Re1 Bg4 13. Qf2 Bxf3 14. Qxf3 c4 15. Bc2 Nbd7 16. Be3 Qc7 17. Rad1 Nc5 18. Bd4 b4 19. e5 Nfd7 20. Ne4 1/2-1/2

[Event "Ketrzyn op"]
[Site "Ketrzyn"]
[Date "2007.12.28"]
[Round "5"]
[White "Kotermanska, Anna"]
[Black "Kobus, Sebastian"]
[Result "1-0"]
[WhiteElo "2006"]
[BlackElo "1817"]
[PlyCount "89"]
[EventDate "2007.12.27"]
[EventType "swiss"]
[EventRounds "9"]
[EventCountry "POL"]
[SourceTitle "CBM 122 Extra"]
[Source "ChessBase"]
[SourceDate "2008.03.04"]
[SourceVersion "1"]
[SourceVersionDate "2008.03.04"]
[SourceQuality "1"]

1. e4 e5 2. Nf3 Nf6 3. Nc3 Bb4 4. d3 d6 5. Bg5 h6 6. Bh4 Bg4 7. Be2 Nc6 8. 0-0 g5 9. Bg3 Qd7 10. a3 Bxc3 11. bxc3 0-0-0 12. Nd2 Bxe2 13. Qxe2 Rdg8 14. Nc4 Rg6 15. Rab1 h5 16. f3 h4 17. Bf2 g4 18. fxg4 Nxg4 19. Ne3 Rhg8 20. Nxg4 Rxg4 21. g3 Ne7 22. Qf3 Qe6 23. c4 Qh6 24. Rb5 hxg3 25. Bxg3 Qh3 26. Kf2 c6 27. Rb3 Kc7 28. c5 Qh6 29. Ke2 f5 30. exf5 Nd5 31. Rfb1 b5 32. cxd6+ Qxd6 33. Kd2 Qh6+ 34. Ke2 Nf4+ 35. Kd1 Qf6 36. Qe3 Qxf5 37. Qxa7+ Kd6 38. Qf2 Qh5 39. Kc1 Qg5 40. Kb2 Nh5 41. Rc3 Rc8 42. Qc5+ Ke6 43. Qb6 Kd7 44. Bf2 Qe7 45. Ka2 1-0

[Event "Ketrzyn op"]
[Site "Ketrzyn"]
[Date "2007.12.28"]
[Round "4"]
[White "Zajaczkowski, Jan"]
[Black "Kotermanska, Anna"]
[Result "1-0"]
[WhiteElo "2066"]
[BlackElo "2006"]
[PlyCount "63"]
[EventDate "2007.12.27"]
[EventType "swiss"]
[EventRounds "9"]
[EventCountry "POL"]
[SourceTitle "CBM 122 Extra"]
[Source "ChessBase"]
[SourceDate "2008.03.04"]
[SourceVersion "1"]
[SourceVersionDate "2008.03.04"]
[SourceQuality "1"]

1. Nf3 Nf6 2. c4 g6 3. Nc3 Bg7 4. e4 d6 5. d4 0-0 6. h3 e5 7. d5 Nbd7 8. Be3 a5 9. Be2 Ne8 10. g4 Nc5 11. Qc2 Bd7 12. 0-0-0 b6 13. Rdg1 c6 14. h4 Nc7 15. h5 N7a6 16. Qd2 Nb4 17. Bh6 Qe7 18. Bxg7 Kxg7 19. hxg6 fxg6 20. Qh6+ Kg8 21. Ng5 Rxf2 22. Nxh7 Qg7 23. Qe3 Rf4 24. g5 Kf7 25. Rh2 Rh8 26. Rgh1 cxd5 27. exd5 Ke7 28. Nf6 Rxh2 29. Rxh2 Kd8 30. Rh7 Qf8 31. a3 Nb3+ 32. Kd1 1-0

[Event "Ketrzyn op"]
[Site "Ketrzyn"]
[Date "2007.12.27"]
[Round "1"]
[White "Kotermanska, Anna"]
[Black "Szymczak, Zbigniew"]
[Result "1-0"]
[WhiteElo "2006"]
[BlackElo "2290"]
[PlyCount "109"]
[EventDate "2007.12.27"]
[EventType "swiss"]
[EventRounds "9"]
[EventCountry "POL"]
[SourceTitle "CBM 122 Extra"]
[Source "ChessBase"]
[SourceDate "2008.03.04"]
[SourceVersion "1"]
[SourceVersionDate "2008.03.04"]
[SourceQuality "1"]

1. d4 e6 2. e4 d5 3. Nd2 c5 4. exd5 Qxd5 5. Ngf3 cxd4 6. Bc4 Qd6 7. 0-0 Nf6 8. Nb3 Nc6 9. Nbxd4 Nxd4 10. Nxd4 a6 11. c3 Qc7 12. Be2 Bd6 13. h3 0-0 14. Bg5 Ne4 15. Be3 e5 16. Nb3 Be6 17. Qc2 Nf6 18. Rad1 Nd5 19. Bc1 Rad8 20. Bf3 Be7 21. Rfe1 Rd7 22. Qe4 f6 23. Nd4 Bf7 24. Nf5 Rfd8 25. Qg4 Bg6 26. h4 Bf8 27. h5 Be8 28. Bxd5+ Rxd5 29. Rxd5 Rxd5 30. Nh6+ Kh8 31. Qe6 gxh6 32. Qxd5 Bxh5 33. Re3 Bf7 34. Qf3 Qe7 35. b3 Bg6 36. Re1 h5 37. Rd1 h4 38. Qg4 f5 39. Qg5 b5 40. Qxe7 Bxe7 41. Rd7 Bf6 42. Rd6 Kg7 43. Rxa6 e4 44. Bd2 f4 45. Rc6 f3 46. gxf3 exf3 47. a4 bxa4 48. bxa4 Be5 49. a5 h3 50. Be3 h2+ 51. Kh1 Kf7 52. Rxg6 hxg6 53. a6 Bb8 54. a7 Bxa7 55. Bxa7 1-0

[Event "Ostroda op"]
[Site "Ostroda"]
[Date "2007.08.12"]
[Round "9"]
[White "Kotermanska, Anna"]
[Black "Staszko, Martin"]
[Result "1/2-1/2"]
[WhiteElo "1980"]
[BlackElo "2081"]
[PlyCount "40"]
[EventDate "2007.08.06"]
[EventType "swiss"]
[EventRounds "9"]
[EventCountry "POL"]
[SourceTitle "EXT 2009"]
[Source "ChessBase"]
[SourceDate "2008.11.26"]
[SourceVersion "1"]
[SourceVersionDate "2008.11.26"]
[SourceQuality "1"]

1. e4 c5 2. Nf3 Nc6 3. d4 cxd4 4. Nxd4 Nf6 5. Nc3 e5 6. Ndb5 d6 7. Bg5 a6 8. Na3 b5 9. Bxf6 gxf6 10. Nd5 f5 11. exf5 Bxf5 12. c3 Bg7 13. Nc2 0-0 14. Nce3 Be6 15. Be2 f5 16. 0-0 Ra7 17. a4 bxa4 18. Rxa4 a5 19. Qd2 e4 20. f4 exf3 1/2-1/2

[Event "Ostroda op"]
[Site "Ostroda"]
[Date "2007.08.06"]
[Round "1"]
[White "Lipski, Tadeusz"]
[Black "Kotermanska, Anna"]
[Result "1/2-1/2"]
[WhiteElo "2150"]
[BlackElo "1980"]
[PlyCount "108"]
[EventDate "2007.08.06"]
[EventType "swiss"]
[EventRounds "9"]
[EventCountry "POL"]
[SourceTitle "EXT 2009"]
[Source "ChessBase"]
[SourceDate "2008.11.26"]
[SourceVersion "1"]
[SourceVersionDate "2008.11.26"]
[SourceQuality "1"]

1. e4 e5 2. f4 exf4 3. Nc3 d6 4. Nf3 Nc6 5. d4 g5 6. Bc4 h6 7. h4 Bg7 8. Nd5 Bg4 9. c3 Qd7 10. b4 Nf6 11. Nxf6+ Bxf6 12. Qb3 Bh5 13. Bd2 0-0-0 14. 0-0-0 Kb8 15. Rde1 Rde8 16. hxg5 hxg5 17. Rxh5 Rxh5 18. Bxf7 Rhh8 19. Bxe8 Qxe8 20. b5 Nd8 21. e5 dxe5 22. dxe5 Be7 23. Nd4 Rh2 24. Qd5 c6 25. bxc6 Nxc6 26. Nc2 Qd8 27. Qe4 Qb6 28. Re2 a5 29. Be1 Bc5 30. e6 Ka7 31. Qd5 g4 32. Qe4 Qc7 33. Qf5 f3 34. Rd2 Ne5 35. Rd7 Nxd7 36. exd7 fxg2 37. Qg5 g1Q 38. d8Q Ba3+ 39. Kd1 Qxd8+ 40. Qxd8 Qb6 41. Qxb6+ Kxb6 42. Nxa3 Rxa2 43. Nc4+ Kc5 44. Ne5 a4 45. Nxg4 a3 46. Ne3 b5 47. Bh4 Kb6 48. Nc2 Ka5 49. Be7 Ka4 50. Bf6 Kb3 51. Nd4+ Kc4 52. Nc2 Kb3 53. Nd4+ Kxc3 54. Nc2+ Kb3 1/2-1/2

[Event "Kowalewo Pomorskie op-A"]
[Site "Kowalewo Pomorskie"]
[Date "2007.07.09"]
[Round "8"]
[White "Kubicki, Marek"]
[Black "Kotermanska, Anna"]
[Result "1-0"]
[WhiteElo "2165"]
[BlackElo "1980"]
[PlyCount "69"]
[EventDate "2007.07.04"]
[EventType "swiss"]
[EventRounds "9"]
[EventCountry "POL"]
[SourceTitle "CBM 119 Extra"]
[Source "ChessBase"]
[SourceDate "2007.09.04"]
[SourceVersion "1"]
[SourceVersionDate "2007.09.04"]
[SourceQuality "1"]

1. e4 e5 2. Nf3 Nc6 3. Bc4 Bc5 4. 0-0 d6 5. h3 Nf6 6. Re1 0-0 7. c3 a6 8. d4 exd4 9. cxd4 Bb4 10. Nc3 h6 11. a3 Bxc3 12. bxc3 d5 13. exd5 Nxd5 14. Qc2 Nce7 15. Bd3 c6 16. Re5 Be6 17. c4 Nf6 18. g4 Qd7 19. Qe2 Rfe8 20. Bd2 Rad8 21. Re1 b5 22. cxb5 cxb5 23. g5 Bxh3 24. Kh1 Ng4 25. gxh6 Nxe5 26. Nxe5 Qe6 27. hxg7 Ng6 28. Qh5 Kxg7 29. Qh6+ Kg8 30. Nxg6 Bg2+ 31. Kxg2 Qg4+ 32. Kh2 fxg6 33. Rg1 Qxd4 34. Rxg6+ Kf7 35. Qh7+ 1-0

[Event "POL-chT 2nd League"]
[Site "Lublin"]
[Date "2006.09.05"]
[Round "4.84"]
[White "Kludacz, Magdalena"]
[Black "Kotermanska, Anna"]
[Result "1-0"]
[WhiteElo "2221"]
[BlackElo "1932"]
[PlyCount "41"]
[EventDate "2006.09.02"]
[EventType "team-swiss"]
[EventRounds "9"]
[EventCountry "POL"]
[SourceTitle "EXT 2019"]
[Source "ChessBase"]
[SourceDate "2018.10.10"]
[SourceVersion "1"]
[SourceVersionDate "2018.10.10"]
[SourceQuality "1"]
[WhiteTeam "Warszawa Entropia"]
[BlackTeam "Olsztyn AZS UWM"]
[WhiteTeamCountry "POL"]
[BlackTeamCountry "POL"]

1. d4 d5 2. c4 e6 3. Nf3 c6 4. Qc2 Nf6 5. g3 Be7 6. Bg2 0-0 7. 0-0 Nbd7 8. Nbd2 Qc7 9. Rd1 Re8 10. e4 dxe4 11. Nxe4 Nxe4 12. Qxe4 Nf6 13. Qe2 Bd7 14. Bf4 Qb6 15. Ne5 h6 16. h4 a5 17. g4 Rad8 18. g5 hxg5 19. hxg5 Nh7 20. g6 fxg6 21. Nxd7 1-0

[Event "Rewal op 11th"]
[Site "Rewal"]
[Date "2006.08.23"]
[Round "3"]
[White "Czartoryski, Pawel"]
[Black "Kotermanska, Anna"]
[Result "1/2-1/2"]
[WhiteElo "2065"]
[BlackElo "1941"]
[PlyCount "29"]
[EventDate "2006.08.21"]
[EventType "swiss"]
[EventRounds "11"]
[EventCountry "POL"]
[SourceTitle "EXT 2010"]
[Source "ChessBase"]
[SourceDate "2010.11.25"]
[SourceVersion "1"]
[SourceVersionDate "2010.11.25"]
[SourceQuality "1"]

1. d4 d5 2. c4 e6 3. Nc3 c6 4. Nf3 Nf6 5. Bg5 Be7 6. e3 0-0 7. Bd3 dxc4 8. Bxc4 b5 9. Bd3 Nbd7 10. 0-0 Bb7 11. Rc1 a6 12. Bxf6 Nxf6 13. Ne4 Nd7 14. Qc2 h6 15. a3 1/2-1/2

[Event "Kowalewo Pomorskie op"]
[Site "Kowalewo Pomorskie"]
[Date "2006.07.??"]
[Round "9"]
[White "Olszewski, Marek"]
[Black "Kotermanska, Anna"]
[Result "1-0"]
[WhiteElo "2152"]
[BlackElo "1932"]
[PlyCount "61"]
[EventDate "2006.07.??"]
[EventType "swiss"]
[EventRounds "9"]
[EventCountry "POL"]
[SourceTitle "CBM 113 Extra"]
[Source "ChessBase"]
[SourceDate "2006.09.14"]
[SourceVersion "1"]
[SourceVersionDate "2006.09.14"]
[SourceQuality "1"]

1. e4 e5 2. Nc3 Bc5 3. f4 d6 4. Nf3 exf4 5. d4 Bb4 6. Bxf4 Nf6 7. Bd3 Bg4 8. 0-0 0-0 9. Bg5 Bxc3 10. bxc3 h6 11. Bh4 g5 12. Be1 Nbd7 13. h3 Bh5 14. Bg3 Re8 15. Re1 Bg6 16. e5 Bxd3 17. Qxd3 Nh5 18. Bh2 d5 19. e6 Nf8 20. exf7+ Kxf7 21. Rxe8 Qxe8 22. Bxc7 Nf6 23. Be5 Ne4 24. c4 Ng6 25. cxd5 Nf6 26. Rf1 Nf4 27. Bxf4 gxf4 28. Ne5+ Kg7 29. Rxf4 Rd8 30. c4 b5 31. Qg3+ 1-0